| 000 | 00764nam a2200229 a 4500 | ||
|---|---|---|---|
| 001 | 43565 | ||
| 003 | BD-RjUL | ||
| 005 | 20211209053721.0 | ||
| 008 | 160625r19251916enk e b 001 0 eng d | ||
| 035 | _a(BD-RjUL)43683 | ||
| 040 |
_aNUWS:W _beng _dANL _cBD-RjUL |
||
| 041 | _aeng | ||
| 082 | 0 | 0 |
_a330.1220941 _220 _bCUP 1925 |
| 100 | 1 |
_aCunningham, W. _q(William), _d1849-1919. _9133828 |
|
| 245 | 1 | 4 |
_aThe progress of capitalism in England / _cby W. Cunningham |
| 260 |
_aCambridge : _bUniversity Press, _cc1916 [Reprinted 1925] |
||
| 300 |
_axi, 144 p. ; _c20 cm. |
||
| 504 | _aIncludes Bibliography:( p. 136-142) and index | ||
| 650 | 0 |
_aCapitalism _zGreat Britain. _9133829 |
|
| 651 | 0 |
_aGreat Britain _xSocial conditions _y19th century. _9133830 |
|
| 942 |
_2ddc _cBK |
||
| 999 |
_c43565 _d43565 |
||